000 00715cam a22002413a 4500
001 6446
003 PGUSA
005 20140828083133.0
008 040901s2004||||xxu|||||s|||||000 1 eng d
040 _aPGUSA
_beng
042 _adc
050 4 _aPS
100 1 _aCrawford, F. Marion
_q(Francis Marion),
_d1854-1909
245 1 0 _aGreifenstein
_h[electronic resource] /
_cF. Marion Crawford
260 _bProject Gutenberg,
_c2004
506 _aPublic domain in the USA.
516 _aElectronic text
653 _aGermany -- Social life and customs -- Fiction
653 _aStudents -- Germany -- Fiction
830 0 _aProject Gutenberg
_v6446
856 4 0 _uhttp://www.gutenberg.org/ebooks/6446
942 _cEB
999 _c235769
_d235769